000
00317nam a2200121Ia 4500
008
190216s9999||||xx |||||||||||||| ||und||
100
_a
"Dyke S F,Floyed A J,&Amp;Sainsbury M"
245
0
_a
Organic Spectroscopy An Introduction]
260
_b
Penguin Books
_c
1971
300
_a
272p
650
_a
Chemistry
942
_c
BK
999
_c
2405
_d
2405